| 000 | 00000nam##2200000za#4500 |
| 001 | 9.568360 |
| 003 | CaOODSP |
| 005 | 20240215150447 |
| 007 | cr ||||||||||| |
| 008 | 150406|2002||||xxc|||||o f|0| 0 eng|d |
| 040 | |aCaOODSP|beng |
| 043 | |an-cn--- |
| 086 | 1 |aPS83-3/127E-PDF |
| 110 | 2 |aCorrectional Service Canada. |
| 245 | 14|aThe Custody Rating Scale, initial security level placement, and women offenders / |h[electronic resource]|c[by] Kelley Blanchette, Paul Verbrugge and Cherami Wichmann. |
| 260 | |bCorrectional Service Canada |cNovember 2002. |
| 300 | |a43p.|breferences, tables |
| 490 | 1 |aResearch report|vR-127 |
| 590 | |a10-14-Supp|b2010-12-03 |
| 720 | 1 |aVerbrugge, Paul |
| 720 | 1 |aBlanchette, Kelley |
| 720 | 1 |aWichmann, Cherami |
| 775 | 08|tLes femmes purgeant une peine de ressort fédéral : |w(CaOODSP)9.599649 |
| 830 | #0|aResearch report (Correctional Service Canada. Research Branch)|vR-127|w(CaOODSP)9.506063 |
| 856 | 40|ahttp://publications.gc.ca|qPDF|s343 KB|uhttps://publications.gc.ca/collections/collection_2010/scc-csc/PS83-3-127-eng.pdf|yR-127 |